National Geographic : Gender. La rivoluzione : Numero speciale. Come cambiano le identità di genere

Gorde:
Xehetasun bibliografikoak
Formatua: Liburua
Hizkuntza:ingelesa
Etiketak: Etiketa erantsi
Etiketarik gabe, Izan zaitez lehena erregistro honi etiketa jartzen!

MARC

LEADER 00000nam a22000007a 4500
003 ge
005 20251008094844.0
008 251008b |||||||| |||| 00| 0 eng d
040 |c ge 
245 |a National Geographic :  |b Gender. La rivoluzione : Numero speciale. Come cambiano le identità di genere 
942 |2 ddc  |c CR 
999 |c 8069  |d 8069